[Event "Hastings Premier 1979/80 55th"]
[Site "Hastings"]
[Date "1980.01.06"]
[Round "9"]
[White "Liberzon, Vladimir"]
[Black "Short, Nigel D"]
[Result "0-1"]
[WhiteElo "2515"]
[BlackElo "2260"]
[PlyCount "80"]
[EventDate "1979.12.28"]
[EventType "tourn"]
[EventRounds "15"]
[EventCountry "ENG"]
[EventCategory "10"]
[SourceTitle "Britbase"]
[Source "John Saunders"]
[SourceDate "2025.01.01"]
[SourceVersion "1"]
[SourceVersionDate "2025.01.01"]
[SourceQuality "1"]

1. e4 e6 2. d4 d5 3. Nd2 Nf6 4. e5 Nfd7 5. Bd3 ({The game was not published in BCM, CHESS or Informator and I have not seen the bulletin. The move order  may have been} 5. c3 c5 6. Bd3 {- JS}) 5... c5 6. c3 b6 7. Ne2 Ba6 8. Bxa6 Nxa6 9. O-O b5 10. Nf3 Nb6 11. h4 c4 12. Bg5 Qd7 13. h5 h6 14. Bh4 b4 15. Nh2 Be7 16. Bxe7 Qxe7 17. f4 bxc3 18. bxc3 Nc7 19. a4 Nd7 20. Rb1 Rb8 21. Rxb8+ Nxb8 22. Ng3 Qh4 23. Qf3 Nc6 24. f5 Ne7 25. Rb1 Kd7 26. Ng4 Nc6 27. f6 Rg8 28. fxg7 Rxg7 29. Nf6+ Kc8 30. Nf5 exf5 31. Qxf5+ Ne6 32. Ne8 Qg4 33. Nd6+ Kd8 34. Qf6+ Ne7 35. Nxf7+ Kc8 36. Nd6+ Kd7 37. Rb2 Qg3 38. Qxh6 Qxc3 39. Rb7+ Kc6 40. Qxe6 Qe1+ 0-1

[Event "Hastings Premier 1979/80 55th"]
[Site "Hastings"]
[Date "1980.01.06"]
[Round "9"]
[White "Mestel, A Jonathan"]
[Black "Zilber, Israel"]
[Result "1-0"]
[WhiteElo "2475"]
[BlackElo "2410"]
[PlyCount "45"]
[EventDate "1979.12.28"]
[EventType "tourn"]
[EventRounds "15"]
[EventCountry "ENG"]
[EventCategory "10"]
[SourceTitle "Britbase"]
[Source "John Saunders"]
[SourceDate "2025.01.01"]
[SourceVersion "1"]
[SourceVersionDate "2025.01.01"]
[SourceQuality "1"]

1. e4 c5 2. Nf3 e6 3. d4 cxd4 4. Nxd4 Nf6 5. Nc3 Nc6 6. g3 Bb4 7. Bg2 d5 8. exd5 Nxd5 9. O-O O-O 10. Nxd5 exd5 11. c3 Be7 12. Bf4 Qb6 13. Nb3 Be6 14. Be3 Qc7 15. Bc5 Rad8 16. Bxe7 Qxe7 17. Qe2 Qf6 18. Qb5 Rd7 19. Rad1 Rfd8 20. Nd4 Bg4 21. Rd2 Ne5 22. f3 Nc4 23. fxg4 1-0

[Event "Hastings Premier 1979/80 55th"]
[Site "Hastings"]
[Date "1980.01.06"]
[Round "9"]
[White "Stean, Michael Frank"]
[Black "Andersson, Ulf"]
[Result "1/2-1/2"]
[WhiteElo "2540"]
[BlackElo "2560"]
[PlyCount "145"]
[EventDate "1979.12.28"]
[EventType "tourn"]
[EventRounds "15"]
[EventCountry "ENG"]
[EventCategory "10"]
[SourceTitle "Britbase"]
[Source "John Saunders"]
[SourceDate "2025.01.01"]
[SourceVersion "1"]
[SourceVersionDate "2025.01.01"]
[SourceQuality "1"]

1. c4 c5 2. Nf3 Nf6 3. Nc3 e6 4. g3 b6 5. Bg2 Bb7 6. O-O Nc6 7. e4 d6 8. d4 cxd4 9. Nxd4 Rc8 10. b3 Be7 11. Bb2 a6 12. Nc2 O-O 13. Ne3 Qc7 14. Qe2 Qb8 15. Rad1 Na7 16. f4 b5 17. g4 Qa8 18. Qf3 bxc4 19. g5 Nd7 20. Nxc4 Qb8 21. Qg4 Ba8 22. Rd2 Nb6 23. Ne3 d5 24. exd5 Bc5 25. Qg3 Nxd5 26. Ncxd5 Bxd5 27. Bxd5 Qb6 28. Rf3 exd5 29. Kg2 Bxe3 30. Rxe3 Nb5 31. Red3 Nd6 32. Qe3 Qxe3 33. Rxe3 Ne4 34. Rde2 f6 35. Rd3 fxg5 36. fxg5 Rf5 37. h4 Kf7 38. Rf3 Kg6 39. Rxf5 Kxf5 40. Kf3 g6 41. Rg2 a5 42. Ke3 a4 43. b4 a3 44. Bd4 Rb8 45. Bc5 Ke5 46. Rc2 Rb5 47. Kd3 Ke6 48. Rc1 Nxc5+ 49. bxc5 Kd7 50. Rf1 Kc6 51. Rf7 Rb2 52. Rxh7 Rxa2 53. Rg7 Kxc5 54. Rxg6 Rh2 55. Ra6 Rxh4 56. Kc2 Kb4 57. Ra8 Rh2+ 58. Kb1 Rg2 59. Rg8 d4 60. g6 Kc3 61. Ka1 Kd3 62. Rg7 a2 63. Rg8 Kc3 64. Rg7 Kd3 65. Rg8 Kd2 66. Kxa2 d3 67. g7 Kc1+ 68. Kb3 d2 69. Rc8+ Kb1 70. Rd8 Rg3+ 71. Ka4 Kc2 72. Rc8+ Kb2 73. Rb8+ 1/2-1/2

[Event "Hastings Premier 1979/80 55th"]
[Site "Hastings"]
[Date "1980.01.08"]
[Round "10"]
[White "Bellin, Robert"]
[Black "Stean, Michael Frank"]
[Result "0-1"]
[WhiteElo "2425"]
[BlackElo "2540"]
[PlyCount "126"]
[EventDate "1979.12.28"]
[EventType "tourn"]
[EventRounds "15"]
[EventCountry "ENG"]
[EventCategory "10"]
[SourceTitle "Britbase"]
[Source "John Saunders"]
[SourceDate "2025.01.01"]
[SourceVersion "1"]
[SourceVersionDate "2025.01.01"]
[SourceQuality "1"]

1. e4 c5 2. b3 d6 3. Bb2 Nf6 4. Nc3 e6 5. g3 Nc6 6. Bg2 Be7 7. Nge2 e5 8. Nd5 Nxd5 9. exd5 Nb4 10. a3 Na6 11. f4 Bf6 12. fxe5 Bxe5 13. Bxe5 dxe5 14. c4 Bg4 15. O-O O-O 16. Qe1 Bxe2 17. Qxe2 Qd6 18. Rae1 Rae8 19. Rf3 Re7 20. Re3 Rfe8 21. Be4 Nb8 22. g4 Nd7 23. g5 g6 24. Bg2 Kg7 25. Bh3 h6 26. gxh6+ Kxh6 27. Bxd7 Qxd7 28. d3 Kg7 29. Kh1 f6 30. Rg3 Rh8 31. Qf2 b6 32. Rf1 Rf7 33. Rfg1 Rh6 34. Qf3 Kh7 35. Qe4 Qf5 36. Qxf5 gxf5 37. Rg8 Rh3 38. R8g3 Rh4 39. Rf3 f4 40. Rg2 Rg7 41. b4 Rg5 42. Kg1 Kg6 43. Rxg5+ fxg5 44. h3 Kf5 45. Kf2 Rh8 46. Ke2 a5 47. b5 a4 48. Kf2 Rh6 49. Kg2 g4 50. hxg4+ Kxg4 51. Rf1 Rh3 52. Re1 Rxd3 53. Rxe5 Rxa3 54. d6 Ra2+ 55. Kg1 Rd2 56. Rd5 Rxd5 57. cxd5 a3 58. d7 a2 59. d8=Q a1=Q+ 60. Kf2 Qb2+ 61. Ke1 Qc1+ 62. Ke2 Qc2+ 63. Ke1 Kf3 0-1

[Event "Hastings Premier 1979/80 55th"]
[Site "Hastings"]
[Date "1980.01.08"]
[Round "10"]
[White "Makarichev, Sergey"]
[Black "Liberzon, Vladimir"]
[Result "1/2-1/2"]
[WhiteElo "2500"]
[BlackElo "2515"]
[PlyCount "28"]
[EventDate "1979.12.28"]
[EventType "tourn"]
[EventRounds "15"]
[EventCountry "ENG"]
[EventCategory "10"]
[SourceTitle "Britbase"]
[Source "John Saunders"]
[SourceDate "2025.01.01"]
[SourceVersion "1"]
[SourceVersionDate "2025.01.01"]
[SourceQuality "1"]

1. Nf3 Nf6 2. c4 g6 3. b3 Bg7 4. Bb2 O-O 5. g3 d6 6. d4 Nbd7 7. Bg2 e5 8. Nc3 exd4 9. Nxd4 Re8 10. O-O c6 11. Qc2 a5 12. a3 Nb6 13. Rfd1 Qe7 14. h3 Bd7 1/2-1/2

[Event "Hastings Premier 1979/80 55th"]
[Site "Hastings"]
[Date "1980.01.09"]
[Round "11"]
[White "Mestel, A Jonathan"]
[Black "Lein, Anatoly"]
[Result "1/2-1/2"]
[WhiteElo "2475"]
[BlackElo "2535"]
[PlyCount "39"]
[EventDate "1979.12.28"]
[EventType "tourn"]
[EventRounds "15"]
[EventCountry "ENG"]
[EventCategory "10"]
[SourceTitle "Britbase"]
[Source "John Saunders"]
[SourceDate "2025.01.01"]
[SourceVersion "1"]
[SourceVersionDate "2025.01.01"]
[SourceQuality "1"]

1. e4 e5 2. Nf3 Nc6 3. Bb5 a6 4. Ba4 Nf6 5. O-O Be7 6. Bxc6 dxc6 7. d3 Nd7 8. Nbd2 O-O 9. Nc4 f6 10. Nh4 Nc5 11. Qf3 Ne6 12. Nf5 Nd4 13. Nxe7+ Qxe7 14. Qd1 Be6 15. Ne3 Rad8 16. a4 a5 17. Bd2 b6 18. Kh1 c5 19. b3 Rd7 20. Bc3 1/2-1/2

[Event "Hastings Premier 1979/80 55th"]
[Site "Hastings"]
[Date "1980.01.09"]
[Round "11"]
[White "Nunn, John DM"]
[Black "Zilber, Israel"]
[Result "1-0"]
[WhiteElo "2500"]
[BlackElo "2410"]
[PlyCount "81"]
[EventDate "1979.12.28"]
[EventType "tourn"]
[EventRounds "15"]
[EventCountry "ENG"]
[EventCategory "10"]
[SourceTitle "Britbase"]
[Source "John Saunders"]
[SourceDate "2025.01.01"]
[SourceVersion "1"]
[SourceVersionDate "2025.01.01"]
[SourceQuality "1"]

1. e4 c6 2. c4 d5 3. exd5 cxd5 4. cxd5 Qxd5 5. Nc3 Qd6 6. d4 Nf6 7. Nf3 e6 8. Bd3 Be7 9. O-O O-O 10. Be3 Nc6 11. Rc1 Bd7 12. a3 Rfc8 13. Bb1 Be8 14. Qe2 Bf8 ({Mega Database 2022 gives} 14... Bd8) 15. Rfd1 Ne7 16. Bg5 Ned5 17. Ne5 h6 18. Bh4 Nxc3 19. bxc3 Qxa3 20. Qd3 Be7 21. Ng4 Kf8 22. Nxf6 Bxf6 23. Bxf6 gxf6 24. d5 Rd8 25. Qh7 e5 26. Bf5 Ke7 27. c4 Qc5 28. Qxh6 Ba4 29. Rd2 b6 30. Re1 Qd6 31. c5 bxc5 32. Qh4 Bb5 33. f4 Rh8 34. Rxe5+ Qxe5 35. d6+ Qxd6 36. Qe1+ Qe6 37. Bxe6 fxe6 38. f5 e5 39. Qg3 Rhf8 40. Qa3 Rfc8 41. Qb3 {Source: BCM, March 1980, p119} 1-0

[Event "Hastings Premier 1979/80 55th"]
[Site "Hastings"]
[Date "1980.01.09"]
[Round "11"]
[White "Raicevic, Vladimir"]
[Black "Giorgadze, Tamaz"]
[Result "1/2-1/2"]
[WhiteElo "2440"]
[BlackElo "2535"]
[PlyCount "171"]
[EventDate "1979.12.28"]
[EventType "tourn"]
[EventRounds "15"]
[EventCountry "ENG"]
[EventCategory "10"]
[SourceTitle "Britbase"]
[Source "John Saunders"]
[SourceDate "2025.01.01"]
[SourceVersion "1"]
[SourceVersionDate "2025.01.01"]
[SourceQuality "1"]

1. e4 e5 2. Nf3 d6 3. d4 exd4 4. Nxd4 Nf6 5. Nc3 Be7 6. Be2 O-O 7. O-O a6 8. Re1 c5 9. Nb3 b5 10. Bf3 Ra7 11. Bf4 Nc6 12. Nd5 Rd7 13. Nxf6+ Bxf6 14. Bg4 Ra7 15. Bxc8 Qxc8 16. c3 Rd7 17. Rc1 c4 18. Nd2 Ne5 19. Bxe5 dxe5 20. Qe2 Bg5 21. Rcd1 Bxd2 22. Rxd2 Rxd2 23. Qxd2 Rd8 24. Qc2 Qd7 25. Kf1 h6 26. h3 Qd6 27. f3 h5 28. Qf2 g6 29. Qe3 Kg7 30. Kf2 Qf6 31. Qe2 h4 32. Qe3 Rd3 33. Qc1 Qd8 34. Ke2 Rd7 35. Rf1 Rd6 36. Rf2 Rd3 37. Ke1 Qe7 38. Re2 Qd6 39. Re3 Qc5 40. Ke2 Rd7 41. Qc2 Qe7 42. Ke1 Qd8 43. Re2 Qg5 44. Kf2 Rd3 45. Qb1 Qd8 46. Ke1 Qb6 47. Kf1 Qd8 48. Ke1 Qg5 49. Kf1 Qf4 50. Qe1 Kh6 51. Rc2 Kh5 52. Re2 Kg5 53. Rc2 a5 54. Re2 Kf6 55. Rc2 Kg7 56. Re2 Rd7 57. Rc2 Rd6 58. Re2 Rd3 59. Rf2 f5 60. Re2 Kf6 61. Kg1 a4 62. a3 Ke6 63. Kh1 Rd7 64. Kg1 Kf6 65. Kf1 Rd3 66. Kf2 Qh2 67. Re3 Qg3+ 68. Kf1 Qxe1+ 69. Rxe1 Rd2 70. Re2 Rd1+ 71. Kf2 Rh1 72. Ke3 Kg5 73. Rd2 Re1+ 74. Kf2 Rc1 75. Ke3 Rb1 76. exf5 Kxf5 77. Re2 Rg1 78. Rd2 Rb1 79. Re2 Rd1 80. Rd2 Rxd2 81. Kxd2 Kf4 82. Ke2 e4 83. fxe4 Kxe4 84. Kd2 Kf4 85. Ke2 Kg3 86. Kf1 1/2-1/2

[Event "Hastings Premier 1979/80 55th"]
[Site "Hastings"]
[Date "1980.01.10"]
[Round "12"]
[White "Giorgadze, Tamaz"]
[Black "Bellin, Robert"]
[Result "1-0"]
[WhiteElo "2535"]
[BlackElo "2425"]
[PlyCount "87"]
[EventDate "1979.12.28"]
[EventType "tourn"]
[EventRounds "15"]
[EventCountry "ENG"]
[EventCategory "10"]
[SourceTitle "Britbase"]
[Source "John Saunders"]
[SourceDate "2025.01.01"]
[SourceVersion "1"]
[SourceVersionDate "2025.01.01"]
[SourceQuality "1"]

1. e4 e5 2. Nf3 Nc6 3. Bb5 a6 4. Ba4 Nf6 5. Qe2 Be7 6. Bxc6 dxc6 7. b3 Bg4 8. Bb2 Nd7 9. h3 Bxf3 10. Qxf3 O-O 11. O-O Re8 12. d3 Bg5 13. Nc3 Qf6 14. Qg4 Rad8 15. Ne2 Qg6 16. g3 h5 17. Qf3 h4 18. Qg2 hxg3 19. fxg3 Be3+ 20. Kh1 Nf8 21. Rf5 f6 22. Qf3 Bc5 23. Kg2 Ne6 24. Rh1 Rf8 25. h4 Be7 26. h5 Qh7 27. Qg4 Rf7 28. Rhf1 Rdf8 29. Bxe5 fxe5 30. Rxf7 Rxf7 31. Qxe6 Bf6 32. g4 Qh6 33. Ng1 Kf8 34. Nh3 Re7 35. Qf5 Rf7 36. g5 Qxh5 37. gxf6 Qxf5 38. Rxf5 gxf6 39. Nf2 Ke7 40. Ng4 Rg7 41. Kf3 Rh7 42. Rxf6 Rh3+ 43. Kg2 Rh4 44. Rg6 1-0

[Event "Hastings Premier 1979/80 55th"]
[Site "Hastings"]
[Date "1980.01.10"]
[Round "12"]
[White "Makarichev, Sergey"]
[Black "Stean, Michael Frank"]
[Result "1/2-1/2"]
[WhiteElo "2500"]
[BlackElo "2540"]
[PlyCount "67"]
[EventDate "1979.12.28"]
[EventType "tourn"]
[EventRounds "15"]
[EventCountry "ENG"]
[EventCategory "10"]
[SourceTitle "Britbase"]
[Source "John Saunders"]
[SourceDate "2025.01.01"]
[SourceVersion "1"]
[SourceVersionDate "2025.01.01"]
[SourceQuality "1"]

1. e4 c5 2. Nf3 d6 3. Bc4 Nf6 4. Qe2 a6 5. Bb3 Nc6 6. c3 Bg4 7. d3 e6 8. Nbd2 Be7 9. h3 Bh5 10. Nf1 h6 11. Ng3 Bg6 12. O-O d5 13. Bf4 O-O 14. Rad1 b5 15. Ne5 Nxe5 16. Bxe5 dxe4 17. dxe4 Qb6 18. Bc2 Rad8 19. Rxd8 Rxd8 20. Rd1 Rxd1+ 21. Qxd1 Qc6 22. Qe2 Nd7 23. Bf4 Bg5 24. Be3 Bxe3 25. Qxe3 Kf8 26. Bd1 Qd6 27. Be2 Nb6 28. f4 f6 29. e5 fxe5 30. fxe5 Qc7 31. Ne4 Bxe4 32. Qxe4 Nd7 33. Qa8+ Nb8 34. Qf3+ 1/2-1/2

[Event "Hastings Premier 1979/80 55th"]
[Site "Hastings"]
[Date "1980.01.10"]
[Round "12"]
[White "Raicevic, Vladimir"]
[Black "Mestel, A Jonathan"]
[Result "1-0"]
[WhiteElo "2440"]
[BlackElo "2475"]
[PlyCount "74"]
[EventDate "1979.12.28"]
[EventType "tourn"]
[EventRounds "15"]
[EventCountry "ENG"]
[EventCategory "10"]
[SourceTitle "Britbase"]
[Source "John Saunders"]
[SourceDate "2025.01.01"]
[SourceVersion "1"]
[SourceVersionDate "2025.01.01"]
[SourceQuality "1"]

1. d4 Nf6 2. c4 g6 3. Nc3 Bg7 4. e4 O-O 5. Be3 d6 6. f3 a6 7. Qd2 Nc6 8. Nge2 Re8 9. h4 Rb8 10. Bh6 Bh8 11. h5 b5 12. hxg6 fxg6 13. cxb5 axb5 14. Nf4 e5 15. dxe5 Nxe5 16. Bxb5 c6 17. Be2 d5 18. O-O-O Nf7 19. exd5 Nxh6 20. Rxh6 Bg7 21. Rhh1 cxd5 22. Bc4 Qb6 23. Bb3 Qa6 24. g4 Rxb3 25. axb3 Bb7 26. g5 Nd7 27. Rhe1 Rxe1 28. Qxe1 Kf7 29. Nfxd5 Bxd5 30. Nxd5 Qa1+ 31. Kd2 Qxb2+ 32. Ke3 Qe5+ 33. Kf2 Qxg5 34. Qe4 Be5 35. Qg4 Qd8 36. Ne3 Ke7 37. Qh4+ Bf6 1-0

[Event "Hastings Premier 1979/80 55th"]
[Site "Hastings"]
[Date "1980.01.10"]
[Round "12"]
[White "Short, Nigel D"]
[Black "Andersson, Ulf"]
[Result "1-0"]
[WhiteElo "2260"]
[BlackElo "2560"]
[Annotator "Short, N"]
[PlyCount "145"]
[EventDate "1979.12.28"]
[EventType "tourn"]
[EventRounds "15"]
[EventCountry "ENG"]
[EventCategory "10"]
[SourceTitle "David Short"]
[SourceDate "2004.11.04"]
[SourceVersion "1"]
[SourceVersionDate "2004.11.04"]
[SourceQuality "2"]

1. e4 c5 2. Nf3 d6 3. c3 Nf6 4. Bd3 {A playable system, despite its odd appearance.} Nc6 5. Bc2 Bg4 6. d3 g6 7. Be3 {Perhaps this bishop is slightly misplaced here.} Bg7 8. Nbd2 O-O 9. h3 Bd7 10. O-O {I offered a draw here. Black thought for about 35 minutes and replied...} e5 11. Rb1 Qc7 12. a3 b6 13. b4 cxb4 ({Played without hesitation, but it appears anti-positional to me.} 13... Nh5 {is better.}) 14. axb4 d5 15. Bb3 dxe4 16. dxe4 Nh5 17. Bd5 {Although I again offered a draw here, I already felt I was gaining the upper hand. Andersson also thought he had the better position.} Rac8 18. c4 Nf4 19. c5 bxc5 $2 ({Now White is clearly better.} 19... b5 $1 {would have taken c4 away from White's knight and prepared ...a5 at a later date.}) 20. bxc5 Rb8 21. Rxb8 Rxb8 22. Nc4 Ne6 23. Qd2 a5 ({Played, probably, through lack of anything constructive to do, for} 23... Ncd4 {loses to} 24. Ncxe5) 24. Ra1 Ncd4 25. Qxa5 Qxc5 26. Qxc5 Nxc5 27. Nfxe5 Nde6 28. Ra7 Be8 29. Bxc5 (29. Nxf7 {is more exact.}) 29... Nxc5 30. Nxf7 Kf8 31. Ng5 Bd7 32. Rc7 Rc8 33. Rxc8+ Bxc8 34. Nxh7+ Ke7 35. Ng5 {White should find the rest fairly easy, but this was not the case. First I had to reach the time-control at move 40.} Ba6 36. h4 Nd3 37. Nf3 Nf4 38. Ne3 Be2 39. Ne1 Bd4 40. N1c2 Bc5 41. Bc4 Nd3 42. g3 {The sealed move. From now on White, after careful manoeuvring, pushes slowly forward.} Kd6 43. Kg2 Ke5 44. f4+ Kf6 45. e5+ Kg7 46. Bd5 Nb2 47. Be4 Ba6 48. g4 Nd3 49. Kg3 Bb5 50. Ng2 Nc1 51. Nce3 Ne2+ 52. Kf2 Ba7 53. g5 Nd4 54. Kg3 Bb8 55. Ng4 Ne2+ 56. Kf3 Nd4+ 57. Kf2 Ba7 58. N2e3 Ne2 59. Kf3 Nc3 60. Bb7 Bd3 61. Nf6 Ne2 62. Nfd5 Nd4+ 63. Kg4 Bc5 64. Bc8 Be4 65. Nc3 Bf3+ 66. Kg3 Bc6 67. Bg4 Bb4 68. Ned5 Bc5 69. Ne4 (69. h5 gxh5 70. Bxh5 Nf5+ 71. Kh3 {1-0 is the finish according to Mega Database 2022. JS}) 69... Ba3 70. Nef6 {Finally. Now White cannot be stopped from obtaining three connected passed pawns.} Bc5 71. h5 gxh5 72. Bxh5 Nf5+ 73. Kh3 {The sealed move, but Andersson resigned without resuming. And, as I had drawn against Bellin before this game was resumed, this gave me my international master title. Sources: 'Nigel Short: Chess Prodigy' by David Short (Faber & Faber, 1981), p218; CHESS, February 1980, Vol.45/831-2, p78; (moves 1-42) BCM, March 1980, p120; Informator 29/332.} 1-0

[Event "Hastings Premier 1979/80 55th"]
[Site "Hastings"]
[Date "1980.01.11"]
[Round "13"]
[White "Mestel, A Jonathan"]
[Black "Giorgadze, Tamaz"]
[Result "0-1"]
[WhiteElo "2475"]
[BlackElo "2535"]
[PlyCount "80"]
[EventDate "1979.12.28"]
[EventType "tourn"]
[EventRounds "15"]
[EventCountry "ENG"]
[EventCategory "10"]
[SourceTitle "Britbase"]
[Source "John Saunders"]
[SourceDate "2025.01.01"]
[SourceVersion "1"]
[SourceVersionDate "2025.01.01"]
[SourceQuality "1"]

1. e4 e5 2. Bc4 d6 3. Nf3 Be7 4. O-O Nf6 5. Re1 O-O 6. d4 exd4 7. Nxd4 a6 8. a4 c5 9. Nb3 Be6 10. Qe2 Nc6 11. Nc3 Nb4 12. Nd5 Bxd5 13. exd5 Re8 14. Rd1 Bf8 15. Be3 Re5 16. Qd2 Nfxd5 17. Bf4 Nxf4 18. Qxf4 Qe7 19. c3 Nc6 20. g3 Re4 21. Bxf7+ Qxf7 22. Qxe4 Qxb3 23. Rd2 Qf7 24. Re1 Rd8 25. f4 d5 26. Qf3 d4 27. Kg2 c4 28. f5 d3 29. Re6 Qd7 30. Re4 Qd5 31. g4 Be7 32. Rd1 Ne5 33. Qf4 Nf7 34. Kf1 Bg5 35. Qf3 Nd6 36. Rf4 Qxf3+ 37. Rxf3 Ne4 38. Kg2 Nc5 39. a5 Na4 40. h4 Bxh4 {Source: Informator 29/214} 0-1

[Event "Hastings Premier 1979/80 55th"]
[Site "Hastings"]
[Date "1980.01.12"]
[Round "14"]
[White "Makarichev, Sergey"]
[Black "Bellin, Robert"]
[Result "1-0"]
[WhiteElo "2500"]
[BlackElo "2425"]
[PlyCount "65"]
[EventDate "1979.12.28"]
[EventType "tourn"]
[EventRounds "15"]
[EventCountry "ENG"]
[EventCategory "10"]
[SourceTitle "Britbase"]
[Source "John Saunders"]
[SourceDate "2025.01.01"]
[SourceVersion "1"]
[SourceVersionDate "2025.01.01"]
[SourceQuality "1"]

1. e4 e5 2. Nf3 Nc6 3. Bc4 Nf6 4. d3 Be7 5. Bb3 O-O 6. O-O d6 7. c3 Bd7 8. Nbd2 Be8 9. Re1 Kh8 10. d4 Nd7 11. Nf1 Bf6 12. Ng3 g6 13. Bh6 Bg7 14. Bxg7+ Kxg7 15. a4 a5 16. h4 h5 17. Ng5 Qe7 18. f4 exf4 19. Ne2 Nd8 20. Nxf4 c6 21. Qd3 Rh8 22. Re2 f6 23. Nge6+ Nxe6 24. Nxe6+ Kh7 25. Rf1 Nf8 26. e5 dxe5 27. dxe5 Nxe6 28. exf6 Qc5+ 29. Kh1 Nf8 30. Re7+ Kh6 31. Qe4 Nd7 32. f7 Rf8 33. Bc2 {Source: BCM, March 1980, p123} 1-0

[Event "Hastings Premier 1979/80 55th"]
[Site "Hastings"]
[Date "1980.01.12"]
[Round "14"]
[White "Zilber, Israel"]
[Black "Stean, Michael Frank"]
[Result "0-1"]
[WhiteElo "2410"]
[BlackElo "2540"]
[PlyCount "62"]
[EventDate "1979.12.28"]
[EventType "tourn"]
[EventRounds "15"]
[EventCountry "ENG"]
[EventCategory "10"]
[SourceTitle "Britbase"]
[Source "John Saunders"]
[SourceDate "2025.01.01"]
[SourceVersion "1"]
[SourceVersionDate "2025.01.01"]
[SourceQuality "1"]

1. d4 Nf6 2. Nf3 c5 3. c3 e6 4. Bg5 h6 5. Bxf6 Qxf6 6. Nbd2 cxd4 7. cxd4 Nc6 8. e3 Qg6 9. Qb1 Qxb1+ 10. Rxb1 d5 11. Rc1 Bd6 12. Nb3 Ke7 13. Bb5 Bd7 14. a3 Rhc8 15. Kd2 a5 16. a4 b6 17. Rc2 Bb4+ 18. Kd1 f6 19. Rc1 Be8 20. Ke2 Kd6 21. Rhd1 Bh5 22. Nbd2 Na7 23. Ba6 Rxc1 24. Rxc1 Be8 25. b3 b5 26. Ra1 Rb8 27. axb5 Nxb5 28. Bxb5 Bxb5+ 29. Kd1 Rc8 30. Ne1 e5 31. Rc1 Be2+ 0-1

[Event "Hastings Premier 1979/80 55th"]
[Site "Hastings"]
[Date "1980.01.14"]
[Round "15"]
[White "Andersson, Ulf"]
[Black "Zilber, Israel"]
[Result "1-0"]
[WhiteElo "2560"]
[BlackElo "2410"]
[PlyCount "153"]
[EventDate "1979.12.28"]
[EventType "tourn"]
[EventRounds "15"]
[EventCountry "ENG"]
[EventCategory "10"]
[SourceTitle "Britbase"]
[Source "John Saunders"]
[SourceDate "2025.01.01"]
[SourceVersion "1"]
[SourceVersionDate "2025.01.01"]
[SourceQuality "1"]

1. c4 Nf6 2. Nf3 c5 3. g3 b6 4. Bg2 Bb7 5. O-O e6 6. Nc3 Be7 7. d4 Ne4 8. Qd3 Nxc3 9. Qxc3 Bf6 10. Qd3 Na6 11. Rd1 Nb4 12. Qb1 cxd4 13. Nxd4 Bxg2 14. Kxg2 O-O 15. b3 Qc7 16. Bb2 a6 17. Nf3 Bxb2 18. Qxb2 b5 19. Qd2 Qc5 20. a3 Nc6 21. cxb5 Qxb5 22. Qxd7 Rad8 23. Qc7 Rc8 24. Qd6 Qxb3 25. Rdc1 Qb7 26. Rab1 Qa8 27. Rb6 Ne7 28. Rcb1 Nf5 29. Qf4 Rcd8 30. Kg1 a5 31. Qa4 Nd6 32. Rc6 h6 33. Rc5 Qa6 34. Rb2 Rb8 35. Rc6 Qa7 ({Database sources differ as to whether Black played} 35... Qa8 {or the text, but it makes no difference. BCM gives 35...Qa7.}) 36. Rxb8 Qxb8 37. Qxa5 Qb1+ 38. Kg2 Ne4 39. Qa4 Rd8 40. Rc4 Nd2 41. Nxd2 Rxd2 42. Qe8+ Kh7 43. Qxf7 Rxe2 44. Rg4 Qb2 45. Qf3 Qe5 46. Qd3+ Kg8 47. Rd4 Re1 48. h4 h5 49. a4 Qe2 50. Rd8+ Kf7 51. Rd7+ Kg8 52. Qxe2 Rxe2 53. Kf3 Ra2 54. Ra7 Kh7 55. Ra6 Kg8 56. Ra7 Kh7 57. Ra5 Kg6 58. Rg5+ Kf6 59. a5 e5 60. Rxh5 Rxa5 61. Rh8 Ra3+ 62. Kg4 Ra4+ 63. Kh5 Kf7 64. Rb8 Ra2 65. Rb7+ Kf6 66. g4 Rxf2 67. g5+ Ke6 68. Rxg7 e4 69. Rg8 Kf7 70. Rb8 e3 71. Rb3 e2 72. Re3 Rg2 73. Kh6 Rh2 74. h5 Rg2 75. g6+ Kf6 76. Re8 Rh2 77. g7 {Source: BCM, March 1980, p124} 1-0

[Event "Hastings Premier 1979/80 55th"]
[Site "Hastings"]
[Date "1980.01.14"]
[Round "15"]
[White "Liberzon, Vladimir"]
[Black "Raicevic, Vladimir"]
[Result "1/2-1/2"]
[WhiteElo "2515"]
[BlackElo "2440"]
[PlyCount "101"]
[EventDate "1979.12.28"]
[EventType "tourn"]
[EventRounds "15"]
[EventCountry "ENG"]
[EventCategory "10"]
[SourceTitle "Britbase"]
[Source "John Saunders"]
[SourceDate "2025.01.01"]
[SourceVersion "1"]
[SourceVersionDate "2025.01.01"]
[SourceQuality "1"]

1. e4 e6 2. d4 d5 3. Nc3 Nf6 4. Bg5 Be7 5. e5 Nfd7 6. Bxe7 Qxe7 7. f4 a6 8. Nf3 c5 9. dxc5 Nc6 10. Bd3 Qxc5 11. Qd2 b5 12. a3 Bb7 13. Qf2 h6 14. h4 O-O-O 15. Qxc5 Nxc5 16. b4 d4 17. Ne4 Nxe4 18. Bxe4 Ne7 19. Bxb7+ Kxb7 20. O-O-O Nf5 21. Rd3 Rd5 22. g4 Ne3 23. Rxd4 Rc8 24. Rh2 Rxd4 25. Nxd4 Rc4 26. Rd2 Nxg4 27. h5 Ne3 28. Kb2 Kc7 29. c3 Kc8 30. Kb3 Nd5 31. Rc2 Kd7 32. f5 exf5 33. Nxf5 Ke6 34. Nxg7+ Kxe5 35. Re2+ Re4 36. Rf2 f6 37. Nf5 Rc4 38. Nxh6 Rxc3+ 39. Kb2 Rh3 40. Ng4+ Ke6 41. Rc2 Rxh5 42. Rc6+ Kf5 43. Nxf6 Nxf6 44. Rxa6 Rh2+ 45. Kb3 Rh3+ 46. Kb2 Nd5 47. a4 Nxb4 48. Ra5 Nd3+ 49. Kc2 Ke4 50. Rxb5 Rh2+ 51. Kb3 1/2-1/2